Uganda's Recovery: (Record no. 3368)

MARC details
000 -LEADER
fixed length control field 01061cam a22002894a 4500
001 - CONTROL NUMBER
control field 12187209
003 - CONTROL NUMBER IDENTIFIER
control field OSt
005 - DATE AND TIME OF LATEST TRANSACTION
control field 20210310120818.0
008 - FIXED-LENGTH DATA ELEMENTS--GENERAL INFORMATION
fixed length control field 000927s2001 dcua b 001 0 eng
010 ## - LIBRARY OF CONGRESS CONTROL NUMBER
LC control number 00049791
020 ## - INTERNATIONAL STANDARD BOOK NUMBER
International Standard Book Number 0821346644
040 ## - CATALOGING SOURCE
Original cataloging agency DLC
Transcribing agency DLC
Modifying agency DLC
042 ## - AUTHENTICATION CODE
Authentication code pcc
043 ## - GEOGRAPHIC AREA CODE
Geographic area code f-ug---
050 00 - LIBRARY OF CONGRESS CALL NUMBER
Classification number HC870
Item number .U45 2001
082 00 - DEWEY DECIMAL CLASSIFICATION NUMBER
Classification number 338.9 UGA 2001
Edition number 21
100 ## - MAIN ENTRY--PERSONAL NAME
Personal name Editted by Reinikka, Ritva; Collier, Paul.
9 (RLIN) 13938
245 00 - TITLE STATEMENT
Title Uganda's Recovery:
Remainder of title the role of farms, firms, and government
260 ## - PUBLICATION, DISTRIBUTION, ETC. (IMPRINT)
Place of publication, distribution, etc. Washington, D.C. :
Name of publisher, distributor, etc. World Bank,
Date of publication, distribution, etc. 2001.
300 ## - PHYSICAL DESCRIPTION
Extent xv, 491 p. :
Other physical details 1 map ;
Dimensions 24 cm.
440 #0 - SERIES STATEMENT/ADDED ENTRY--TITLE
Title World Bank regional and sectoral studies
9 (RLIN) 7543
504 ## - BIBLIOGRAPHY, ETC. NOTE
Bibliography, etc Includes bibliographical references and index.
650 ## - SUBJECT ADDED ENTRY--TOPICAL TERM
Topical term or geographic name as entry element Economic development
9 (RLIN) 521
906 ## - LOCAL DATA ELEMENT F, LDF (RLIN)
a 7
b cbc
c orignew
d 1
e ocip
f 20
g y-gencatlg
942 ## - ADDED ENTRY ELEMENTS (KOHA)
Source of classification or shelving scheme Dewey Decimal Classification
Koha item type Short Loan
Holdings
Withdrawn status Lost status Source of classification or shelving scheme Damaged status Not for loan Home library Current library Date acquired Source of acquisition Inventory number Total Checkouts Full call number Barcode Date last seen Koha item type
    Dewey Decimal Classification     MUST Main Library MUST Main Library 31/03/2016 Purchase 03/17916   338.9 UGA 2001 2016-0577 31/03/2016 Short Loan
    Dewey Decimal Classification     MUST Main Library MUST Main Library 22/04/2016 Purchase 03/17915.   338.9 UGA 2001 2016-1167 22/04/2016 Short Loan